000 00582nam a2200217u 4500
001 8257
003 BD-RjUL
005 20211208234543.0
008 140118r19671964nyu 000 0 eng
035 _a(BD-RjUL)8302
040 _aDLC
_cBD-RjU
_dBD-RjU
_beng
041 _aeng
082 _222
_a530
_bHED 1967
100 1 _aHeafford, Philip Ernest. [from old catalog]
_925737
245 0 0 _aDiscovering physics
260 _aNew York,
_bPhilosophical Library
_c[1965, c1964]
300 _ax, 262 p.
_c23 cm.
942 _2ddc
_cBK
999 _c8257
_d8257